Datum a čas kvízu
36
Celkem bodů
Celkový počet nahraných bodů na tomto kvízu bez doplňovacích otázek.
2.
Pořadí na kvízu
Konečné umístění týmu na tomto kvízu.
Zaznamenané odpovědi
| # | Otázka | Odpověď | Body | Výsledky |
|---|---|---|---|---|
| 1. | V sobotu se uskutečnila vzpomí... | Panenské Břežany | 0 | |
| 2. | Aukční síň Freeman’s-Hindman u... | Abraham Lincoln | 1 | |
| 3. | V pondělí nalezli francouzští... | Jim Morrison | 1 | |
| 4. | Kmen Marubo z Amazonského pral... | C) na pornu | 1 | |
| 5. | Jak se nazývá klub, který se v... | Tottenham (Hotspur) | 1 | |
| 6. | V tomto tématu se podíváme na... | Robert Kennedy | 1 | |
| 7. | Jak se jmenuje tento muž? Opět... | Casey Affleck | 1 | |
| 8. | Tentokrát nás zajímá příjmení... | Hana Brejchová; Lásky jedné plavovlásky | 1 | |
| 9. | Jak se jmenuje tento muž? Tent... | Etzler; novinář | 1 | |
| 10. | Napište jméno i příjmení této... | Kristýna Plíšková; Dávid Hancko | 1 |